Hlavné mesto husaciny

Slovenský Grob známy ako hlavné mesto husaciny. Založenie Cechu husacinárov Slovenského Grobu. Logo cechu. Reštaurácie, ktoré ponúkajú husacinu. Hostia z rôznych kútov sveta, aj z Číny a Ameriky.

Salvato in:
Dettagli Bibliografici
Autore principale: Horváthová, Jarmila
Natura: Capitolo di libro
Lingua:slovacco
Soggetti:
Tags: Aggiungi Tag
Nessun Tag, puoi essere il primo ad aggiungerne!!

MARC

LEADER 00000naa a2200000 4500
001 0193006
005 20231113101642.9
041 0 |a slo 
044 |a SK 
245 1 0 |a Hlavné mesto husaciny  |c Jarmila Horváthová 
520 |a Slovenský Grob známy ako hlavné mesto husaciny. Založenie Cechu husacinárov Slovenského Grobu. Logo cechu. Reštaurácie, ktoré ponúkajú husacinu. Hostia z rôznych kútov sveta, aj z Číny a Ameriky. 
610 2 0 |a reštaurácie 
610 2 0 |a gastronómia 
610 2 0 |a kvalita 
610 2 0 |a služby 
610 2 0 |a cechy 
610 2 0 |a logo 
610 2 0 |a Slovensko 
100 1 |a Horváthová, Jarmila